000 00828nam a2200241 a 4500
001 BRL_98
005 20190320210604.0
008 111012s1979----mx-#######---#000-0#spa-#
041 _aspa
044 _amx
050 4 _aJL1298
_b.B35 1979
100 1 _aBallinas Acuña, J. Francisco
_922905
245 1 0 _aLey de organizaciones políticas y procesos electorales
_bcomentada, en orden alfabético y con la fórmula matemática
_cJ. Francisco Ballinas Acuña, Luis Torres García.
260 _a[México]
_bProfusa
_c1979
300 _a148 p.
_c16 cm.
500 _aAu118
650 1 4 _aPartidos políticos
_xLeyes y legislación
_zMéxico
_922906
650 1 4 _aLeyes
_vManual
_zMéxico
_922907
651 4 _aMéxico
_xPolítica y gobierno
_97019
700 1 _aTorres García, Luis
_ecoaut.
_922908
902 _aGRL
942 _2lcc
_cB
999 _c8911
_d8911